000 02219cam a2200529 i 4500
001 xx004643162
003 NUKAT
005 20260416125701.0
008 190614s2019 pl a |001 0 pol c
020 _a9788380985513
_q(oprawa miękka) :
_czł 40,00
035 _a(OCoLC)1107565879
035 _a(NUKAT)xx004643162
040 _aKAT U/MP
_bpol
_erda
_cKAT U/MPs
_dKAT U/MP
_dKR 048/PK
_dOLSZT 008/bak
045 2 _bd1917
_bd1938
046 _k2019
100 1 _aZechenter, Anna
_d(1959- ).
_eAutor
_940168
245 1 0 _aZagłada Polaków w Związku Sowieckim :
_bod przewrotu bolszewickiego do "operacji polskiej" /
_cAnna Zechenter.
260 _aWarszawa :
_bInstytut Pamięci Narodowej - Komisja Ściągania Zbrodni przeciwko Narodowi Polskiemu,
_c2019.
300 _a406, [1] strona :
_bilustracje ;
_c24 cm.
336 _aTekst
_btxt
_2rdacontent
337 _aBez urządzenia pośredniczącego
_bn
_2rdamedia
338 _aWolumin
_bnc
_2rdacarrier
380 _aKsiążki
380 _aPublikacje popularnonaukowe
388 1 _a2001-
490 1 _aBiblioteka Biuletynu IPN ;
_vt. 5
504 _aBibliografia na stronach 382-387. Indeksy.
648 7 _a1901-2000
_2DBN
_934996
648 7 _a1914-1918
_2DBN
_936040
648 7 _a1918-1939
_2DBN
_936041
650 7 _aAntypolonizm
_2DBN
_938851
650 7 _aOperacja polska NKWD (1937-1938)
_2DBN
_940169
650 7 _aPolacy
_2DBN
_935100
650 7 _aPolityka narodowościowa
_2DBN
_937194
650 7 _aPrześladowania polityczne
_2DBN
_936911
650 7 _aRewolucja październikowa (1917)
_2DBN
_940170
650 7 _aPolacy
_zZwiązek Radziecki
_y1900-1945.
_2kaba
_937195
650 7 _aMniejszości
_xpolityka publiczna
_zZwiązek Radziecki
_y1900-1945.
_2kaba
_937196
651 7 _aZSRR
_2DBN
_937200
655 7 _aOpracowanie
_2DBN
_935024
658 _aHistoria
710 2 _aInstytut Pamięci Narodowej - Komisja Ścigania Zbrodni przeciwko Narodowi Polskiemu.
_eWydawca
_4pbl
_911792
830 0 _aBiblioteka Biuletynu IPN
_vt. 5
_914044
856 4 1 _3Spis treści
_uhttps://www.biblos.pk.edu.pl/ST/2021/01/100000329596/100000329596_Zechenter_ZagladaPolakow.pdf
920 _a978-83-8098-551-3 (oprawa miękka) : zł 40,00
942 _2ddc
_cBK_NM
999 _c27613
_d27613